000 00643nam a2200217 a 4500
001 BRCA_2185
005 20190320203715.0
008 930303s1992 mx-a---##b---#001-0#spa-#
020 _a9686536027
040 _aDLC
_cDLC
050 4 _aTX817
_b.C33 1992
245 1 0 _aCacao
_bhistoria, economía y cultura.
260 _aMéxico
_bNestlé
_c1992
300 _a189 p.
_bil. (algunas a color)
_c31 cm.
500 _aIncluye índice onomástico
504 _aBibliografía : p. 182-184
650 1 4 _aChocolate
_xHistoria
_zMéxico
_96591
650 1 4 _aCocoa
_xHistoria
_zMexico
_96592
650 1 4 _aCacao
_xHistoria
_zMéxico
_96593
942 _2lcc
_cB
999 _c1941
_d1941